| 000 | 01765nam a2200241Ia 4500 | ||
|---|---|---|---|
| 008 | 260220t1987||||xx |||||||||||||| ||spa|| | ||
| 040 |
_aPY-SlUNAC _bspa _erda |
||
| 041 | _aspa | ||
| 082 |
_a519.52 _bC641t |
||
| 100 |
_aCochran, William G. _eAutor |
||
| 245 | 0 |
_aTécnicas de muestreo / _cpor William G. Cochran [Autor] |
|
| 264 |
_aCiudad de México : _bCECSA, _c℗1987. |
||
| 300 | _a1 volumen | ||
| 520 | _aEl libro "Técnicas de muestreo" de William G. Cochran es una obra fundamental en el campo de la estadística que aborda de manera exhaustiva los métodos de muestreo, cruciales para la obtención de datos representativos en investigaciones. Cochran explora diversos tipos de muestreo, incluyendo muestreo aleatorio simple, muestreo estratificado y muestreo por conglomerados, proporcionando una guía detallada sobre cómo seleccionar muestras adecuadas para diferentes poblaciones. Además, el autor discute la importancia de la precisión y el sesgo en las estimaciones, así como técnicas para calcular tamaños de muestra óptimos. La obra también incluye ejemplos prácticos y aplicaciones en múltiples disciplinas, lo que la convierte en un recurso invaluable tanto para investigadores como para estudiantes. A lo largo del texto, Cochran enfatiza la necesidad de un diseño de muestreo riguroso para garantizar la validez de los resultados, contribuyendo así al desarrollo de métodos estadísticos más eficientes y confiables en la investigación social y científica. | ||
| 653 | _aEstadística | ||
| 653 | _aMétodos de investigación | ||
| 653 | _aMuestreo | ||
| 942 |
_b2026/02/17 _cBK |
||
| 999 |
_c7672 _d7672 |
||